Normal view
MARC view
- Jenks, Tom,
Entry Personal Name
001 - CONTROL NUMBER
- control field: 153648
003 - CONTROL NUMBER IDENTIFIER
- control field: DLC
005 - DATE AND TIME OF LATEST TRANSACTION
- control field: 20260414111135.0
008 - FIXED-LENGTH DATA ELEMENTS
- fixed length control field: 860609n| azannaabn |n aaa
010 ## - LIBRARY OF CONGRESS CONTROL NUMBER
- LC control number: n 85184660
035 ## - SYSTEM CONTROL NUMBER
- System control number: (OCoLC)oca01612036
035 ## - SYSTEM CONTROL NUMBER
- System control number: (Uk)001519947
040 ## - CATALOGING SOURCE
- Original cataloging agency: DLC
- Language of cataloging: eng
- Transcribing agency: DLC
- Description conventions: rda
- Modifying agency: DLC
- Modifying agency: OCoLC
- Modifying agency: Uk
- Modifying agency: DLC
046 ## - SPECIAL CODED DATES
- Birth date: 19500823
100 1# - HEADING--PERSONAL NAME
- Personal name: Jenks, Tom,
- Dates associated with a name: 1950-
670 ## - SOURCE DATA FOUND
- Source citation: Soldiers & civilians, c1986:
- Information found: CIP t.p. (Tom Jenks)
670 ## - SOURCE DATA FOUND
- Source citation: Literature Resource Center WWW Site, 15 July 2009:
- Information found: Tom Jenks page (born 23 Aug. 1950, in Temple, Texas)
670 ## - SOURCE DATA FOUND
- Source citation: Our happiness, 1990
- Information found: (Tom Jenks)



